000 00522nam a2200193 i 4500
001 113561
003 ES-MaACL
005 20230906185936.0
007 t|
008 061121s1967 sp |||| | spa d
080 _a791.862(0:86-4)
100 0 _aNoel, Eugenio,
_d1885-1936
_985823
245 1 0 _aEscritos antitaurinos /
_cEugenio Noel.
260 _aMadrid :
_bTaurus,
_c1967.
300 _a184 p. ;
_c18 cm.
650 4 _aCorridas de toros.
_911370
852 _aES-MaACL
_jC-33678
999 _c113561
_d113561